书目信息 |
| 题名: |
e故事
|
|
| 作者: | 李唯心斯 编译 | |
| 分册: | ||
| 出版信息: | 北京 光明日报出版社 2001.04 |
|
| 页数: | 285页 | |
| 开本: | 21cm | |
| 丛书名: | 网络人文书 | |
| 单 册: | ||
| 中图分类: | I17 | |
| 科图分类: | ||
| 主题词: | 笑话--xiao hua--世界--选集 | |
| 电子资源: | ||
| ISBN: | 7-80145-417-0 | |
| 000 | 00901nam 2200265 450 | |
| 001 | 012008400124 | |
| 005 | 20080424084452.17 | |
| 010 | @a7-80145-417-0@dCNY18.80 | |
| 100 | @a20080424d2001 km y0chiy0120 ea | |
| 101 | 0 | @achi |
| 102 | @aCN@b110000 | |
| 105 | @aa z 000dy | |
| 106 | @ar | |
| 200 | 1 | @ae故事@Ae gu shi@e网络幽默故事@e插图本@f李唯心斯编译@Fli wei xin si bian yi |
| 210 | @a北京@c光明日报出版社@d2001.04 | |
| 215 | @a285页@c图@d21cm | |
| 225 | 2 | @a网络人文书@Awang luo ren wen shu@v3 |
| 330 | @a本书收录了大家最喜爱的很多转发邮件,没加任何程度的删节。包括“办公室生活”、“美女世界”、“不信也得信”、“笑料”等。 | |
| 410 | 0 | @12001 @a网络人文书 |
| 517 | 1 | @a网络幽默故事@Awang luo you mo gu shi |
| 606 | 0 | @a笑话@Axiao hua@y世界@j选集 |
| 690 | @aI17@v4 | |
| 701 | 0 | @a李唯心斯@Ali wei xin si@4编译 |
| 801 | 0 | @aCN@bQSSK@c20080424 |
| 905 | @b20701529-31@dI17@eL287@f3 | |
| e故事:网络幽默故事:插图本/李唯心斯编译.-北京:光明日报出版社,2001.04 |
| 285页:图;21cm.-(网络人文书;3) |
| ISBN 7-80145-417-0:CNY18.80 |
| 本书收录了大家最喜爱的很多转发邮件,没加任何程度的删节。包括“办公室生活”、“美女世界”、“不信也得信”、“笑料”等。 |
| ● |
| 相关链接 |
|
|
|
正题名:e故事
索取号:I17/L287
 
预约/预借
| 序号 | 登录号 | 条形码 | 馆藏地/架位号 | 状态 | 备注 |
| 1 | 701529 | 207015291 | 文学库108/108文学库 4排9列2层/ [索取号:I17/L287] | 在馆 | |
| 2 | 701530 | 207015308 | 社科二线400B/400B社科库 10排1列6层/ [索取号:I17/L287] | 在馆 | |
| 3 | 701531 | 207015317 | 文学库108/108文学库 4排9列2层/ [索取号:I17/L287] | 在馆 |